Thapak thapak dil thapak thapak(थपक थपक दिल थपक थपक) (Record no. 116315)

MARC details
000 -LEADER
fixed length control field 00273 a2200097 4500
020 ## - INTERNATIONAL STANDARD BOOK NUMBER
International Standard Book Number 9789360863937
100 ## - MAIN ENTRY--PERSONAL NAME
Personal name Gagan Gill
245 ## - TITLE STATEMENT
Title Thapak thapak dil thapak thapak(थपक थपक दिल थपक थपक)
260 ## - PUBLICATION, DISTRIBUTION, ETC. (IMPRINT)
Name of publisher, distributor, etc Rajkamal prakashan
Date of publication, distribution, etc 2024
942 ## - ADDED ENTRY ELEMENTS (KOHA)
Koha item type On order/under processing
Holdings
Withdrawn status Lost status Damaged status Not for loan Home library Current library Date acquired Source of acquisition Cost, normal purchase price Total Checkouts Barcode Date last seen Cost, replacement price Price effective from Koha item type
        University Library University Library 18/04/2026 264 386.75   00098394 18/04/2026 595.00 18/04/2026 On order/under processing
University Library, CUSAT